书目信息 |
| 题名: |
炼焦机械及设备
|
|
| 作者: | 梁英华 , 刘永新 主编 | |
| 分册: | ||
| 出版信息: | 北京 化学工业出版社 2005 |
|
| 页数: | 109页 | |
| 开本: | 26cm | |
| 丛书名: | ||
| 单 册: | ||
| 中图分类: | TQ520.5 | |
| 科图分类: | ||
| 主题词: | 炼焦--化工机械--高等教育--教材 , 炼焦--化工设备--高等教育--教材 , 炼焦 , 化工机械 , 化工设备 | |
| 电子资源: | ||
| ISBN: | 7-5025-5748-2 | |
| 000 | 00996nam0 2200313 450 | |
| 001 | 002837288 | |
| 005 | 20070720105145.62 | |
| 010 | @a7-5025-5748-2@dCNY14.00 | |
| 035 | @a002837288 | |
| 100 | @a20050221d2005 em y0chiy0110 ea | |
| 101 | 0 | @achi |
| 102 | @aCN@b110000 | |
| 105 | @ay z 000yy | |
| 106 | @ar | |
| 200 | 1 | @a炼焦机械及设备@Alian jiao ji xie ji she bei@f梁英华,刘永新主编@Fliang ying hua, liu yong xin zhu bian |
| 210 | @a北京@c化学工业出版社@d2005 | |
| 215 | @a109页@d26cm | |
| 300 | @a教育部高职高专规划教材 | |
| 330 | @a本书分5章,内容包括备煤机械及设备、炼焦机械及设备、流体输送设备、换热设备与管式加热炉和塔设备。 | |
| 606 | 0 | @a炼焦@x化工机械@x高等教育@j教材 |
| 606 | 0 | @a炼焦@x化工设备@x高等教育@j教材 |
| 606 | 0 | @a炼焦 |
| 606 | 0 | @a化工机械 |
| 606 | 0 | @a化工设备 |
| 690 | @aTQ520.5@v4 | |
| 701 | 0 | @a梁英华@Aliang ying hua@c(女,@f1964.1~)@4主编 |
| 701 | 0 | @a刘永新@Aliu yong xin@4主编 |
| 801 | 0 | @aCN@bNLC@c20070720 |
| 905 | @dTQ520.5@e17@f5 | |
| 炼焦机械及设备/梁英华,刘永新主编.-北京:化学工业出版社,2005 |
| 109页;26cm |
| 教育部高职高专规划教材 |
| ISBN 7-5025-5748-2:CNY14.00 |
| 本书分5章,内容包括备煤机械及设备、炼焦机械及设备、流体输送设备、换热设备与管式加热炉和塔设备。 |
| ● |
| 相关链接 |
|
|
|
|
正题名:炼焦机械及设备
索取号:TQ520.5/17
 
预约/预借
| 序号 | 登录号 | 条形码 | 馆藏地/架位号 | 状态 | 备注 |
| 1 | 0850509 | 208505090 | 第二样本阅览室/ [索取号:TQ520.5/17] | 在馆 | |
| 2 | 0850510 | 208505107 | 第三借阅区/ [索取号:TQ520.5/17] | 在馆 | |
| 3 | 0850511 | 208505116 | 第三借阅区/ [索取号:TQ520.5/17] | 在馆 | |
| 4 | 0850512 | 208505125 | 第三借阅区/ [索取号:TQ520.5/17] | 在馆 | |
| 5 | 0850513 | 208505134 | 第三借阅区/ [索取号:TQ520.5/17] | 在馆 |